000 00569nam a2200193Ia 4500
005 20260114185841.0
008 008 260114s9999 xx 000 0 eng d
020 _a9780755604067
037 _aEBOOK
040 _aCRL
_beng
_cCRL
041 _aeng
_2eng
084 _qCRL
100 _aAlison Rowley
_9875173
245 0 _aHelen Frankenthaler Painting History, Writing Painting
260 _bBloomsbury
_c2007
856 _uhttps://doi.org/10.5040/9780755604067?locatt=label:secondary_bloomsburyCollections
942 _cEBOOK
999 _c1474107
_d1474107